| 000 | 00424nam a2200169 a 4500 | ||
|---|---|---|---|
| 005 | 20140310183437.0 | ||
| 008 | 080415s19uu xx 00 eng d | ||
| 020 | _a0671779370 | ||
| 050 |
_aPZ 7 _b.L218 1994 |
||
| 100 | _aLamb, Arnette | ||
| 245 |
_aChieftain / _cArnette Lamb. |
||
| 260 |
_aNew York : _bPocket Books, _c1994. |
||
| 300 |
_a292 p. : _c18 cm. |
||
| 650 | _aFiction. | ||
| 942 |
_cBK _2lcc |
||
| 999 |
_c22949 _d22949 |
||